[Event "Chigorin Memorial"]
[Site "St Petersburg RUS"]
[Date "2013.10.09"]
[Round "5.23"]
[White "Lintchevski, Daniil"]
[Black "Kozionov, Kirill"]
[Result "1/2-1/2"]
[WhiteTitle "GM"]
[BlackTitle "FM"]
[WhiteElo "2532"]
[BlackElo "2368"]
[WhiteFideId "4171055"]
[BlackFideId "24101729"]
[EventDate "2013.10.05"]

1. Nf3 d5 2. d4 Nf6 3. c4 c6 4. Nc3 dxc4 5. a4 Bf5 6. Nh4 Bc8 7. e3 Bg4 8. Nf3
Nbd7 9. Bxc4 e6 10. O-O Bb4 11. h3 Bh5 12. Qb3 a5 13. Na2 Bd6 14. Re1 Qb6 15.
Nd2 Bg6 16. Nc3 e5 17. dxe5 Qxb3 18. Bxb3 Nxe5 19. Nc4 Nxc4 20. Bxc4 Ne4 21.
Nxe4 Bxe4 22. Bd2 Ke7 23. f3 Bf5 24. Bc3 f6 25. e4 Be6 26. Bxe6 Kxe6 27. Kf2
Rhd8 28. Ke2 Be5 29. Ra3 Kd6 30. Rd1+ Kc7 31. Rxd8 Kxd8 32. Bd2 Kc7 33. Ra2 Kb6
34. Be3+ Kc7 35. b3 b5 36. Rc2 Rb8 37. Bd2 Kb6 38. Ra2 Ra8 39. Be3+ Kc7 40. Rc2
Rb8 41. Bd2 Kb6 42. Be3+ 1/2-1/2

[Event "Chigorin Memorial"]
[Site "St Petersburg RUS"]
[Date "2013.10.09"]
[Round "5.24"]
[White "Nezad, Husein Aziz"]
[Black "Bernadskiy, Vitaliy"]
[Result "1/2-1/2"]
[WhiteTitle "IM"]
[BlackTitle "IM"]
[WhiteElo "2388"]
[BlackElo "2527"]
[WhiteFideId "12100293"]
[BlackFideId "14100371"]
[EventDate "2013.10.05"]

1. d4 f5 2. c4 Nf6 3. g3 g6 4. Bg2 Bg7 5. Nf3 O-O 6. O-O d6 7. Nc3 c6 8. b3 Na6
9. Bb2 Bd7 10. Re1 b5 11. c5 dxc5 12. dxc5 Nxc5 13. b4 Nb7 14. Qb3+ Kh8 15. Ne5
Nd6 16. a4 a6 17. Red1 Rc8 18. axb5 axb5 19. Nd3 Be8 20. Ne5 c5 21. bxc5 Rxc5
22. Ra8 Rc8 23. Ra7 Rc5 24. Ra8 Rc8 25. Ra7 b4 26. Nd5 Nxd5 27. Bxd5 Nb5 28. Bc4
Nxa7 29. Rxd8 Rxd8 30. Qe3 Nc6 31. Qh6 Rd1+ 32. Kg2 Nd4 33. Qe3 Nc6 34. Qh6 Rf6
35. Qe3 Rb1 36. Nd3 Rd6 37. Bxg7+ Kxg7 38. Bb5 b3 39. f3 Kf8 40. Qh6+ Kg8 41.
Bc4+ Bf7 1/2-1/2

[Event "Chigorin Memorial"]
[Site "St Petersburg RUS"]
[Date "2013.10.09"]
[Round "5.26"]
[White "Solovjov, Sergey I."]
[Black "Sivuk, Vitaly"]
[Result "1-0"]
[WhiteTitle "IM"]
[BlackTitle "IM"]
[WhiteElo "2381"]
[BlackElo "2517"]
[WhiteFideId "4122780"]
[BlackFideId "14116502"]
[EventDate "2013.10.05"]

1. e4 c5 2. Nf3 e6 3. d4 cxd4 4. Nxd4 a6 5. Nc3 Qc7 6. Be2 Nf6 7. O-O Nc6 8. Kh1
Be7 9. f4 d6 10. a4 O-O 11. Be3 Re8 12. Bf3 Na5 13. g4 Bf8 14. g5 Nd7 15. Bg2 b6
16. f5 Ne5 17. Qh5 Nac4 18. Bc1 g6 19. Qh3 Bg7 20. f6 Bf8 21. b3 Na5 22. Bb2
Nec6 23. Nde2 Nb4 24. Qh4 Nac6 25. Rf3 Nxc2 26. Rh3 h6 27. Rc1 N2d4 28. Nxd4
Nxd4 29. Ne2 Qxc1+ 30. Nxc1 e5 31. Rc3 Be6 32. Bh3 b5 33. gxh6 bxa4 34. Rc7 Rac8
35. Rxc8 Rxc8 36. bxa4 Rc2 37. Bxd4 Rxc1+ 38. Kg2 exd4 39. Bxe6 Rc2+ 40. Kf1
fxe6 41. Qg4 Kf7 42. Qh4 Kg8 43. f7+ Kxf7 44. h7 Bg7 45. h8=Q Bxh8 46. Qxh8 d3
47. Qd4 d2 48. Ke2 d5 49. exd5 exd5 50. Qxd5+ Kg7 51. Qb7+ Kh6 52. Qxa6 1-0

[Event "Chigorin Memorial"]
[Site "St Petersburg RUS"]
[Date "2013.10.09"]
[Round "5.28"]
[White "Vavulin, Maksim"]
[Black "Stukopin, Andrey"]
[Result "1/2-1/2"]
[BlackTitle "IM"]
[WhiteElo "2377"]
[BlackElo "2515"]
[WhiteFideId "4169530"]
[BlackFideId "24107131"]
[EventDate "2013.10.05"]

1. e4 e5 2. Nf3 Nc6 3. Bb5 a6 4. Ba4 Nf6 5. O-O Be7 6. Re1 b5 7. Bb3 d6 8. c3
O-O 9. h3 Na5 10. Bc2 c5 11. d4 Qc7 12. Nbd2 Re8 13. Nf1 g6 14. b3 Bf8 15. Bg5
Bg7 16. dxe5 dxe5 17. N3h2 h6 18. Bh4 Be6 19. Ne3 h5 20. Qf3 Nh7 21. Nhf1 b4 22.
Rad1 Nc6 23. Nd5 Qa5 24. Bb1 bxc3 25. Qxc3 Qxc3 26. Nxc3 Nd4 27. Bg3 c4 28. bxc4
Bxc4 29. Ne3 Bb5 30. Ned5 Ra7 31. f4 Rb7 32. fxe5 Nc6 33. Nxb5 axb5 34. e6 Rxe6
35. Nc7 Re7 36. Nd5 Re8 37. Bd3 Be5 38. Bf2 Bd4 39. Rb1 Bxf2+ 40. Kxf2 Ra8 41.
Re2 1/2-1/2

[Event "Chigorin Memorial"]
[Site "St Petersburg RUS"]
[Date "2013.10.09"]
[Round "5.29"]
[White "Can, Emre"]
[Black "Aharon, Ofir"]
[Result "1-0"]
[WhiteTitle "GM"]
[BlackTitle "FM"]
[WhiteElo "2513"]
[BlackElo "2310"]
[WhiteFideId "6302181"]
[BlackFideId "2800683"]
[EventDate "2013.10.05"]

1. d4 Nf6 2. c4 g6 3. Nc3 d5 4. Nf3 Bg7 5. cxd5 Nxd5 6. e4 Nxc3 7. bxc3 c5 8.
Rb1 O-O 9. Be2 b6 10. O-O Qc7 11. Bg5 Bb7 12. Qd3 h6 13. Bh4 cxd4 14. cxd4 Qf4
15. d5 Ba6 16. Qd1 Qxe4 17. Bxa6 Nxa6 18. Re1 Qf5 19. Bxe7 Rfc8 20. d6 Nc5 21.
h3 Nd7 22. Qa4 Nc5 23. Qb5 Qd7 24. Qe2 Ne6 25. Ne5 Bxe5 26. Qxe5 Rc5 27. Qe3 Kg7
28. Qf3 Rb8 29. Rb4 Rf5 30. Qc3+ Kh7 31. g4 Rc8 32. Qe3 Rfc5 33. Qf3 Kg8 34.
Rbe4 Rc1 35. Kg2 Rxe1 36. Rxe1 Rc2 37. Qe4 Rxa2 38. Rc1 Rd2 39. Qa8+ Kg7 40. Rc8
f5 41. Rh8 Nf4+ 42. Kh1 1-0

[Event "Chigorin Memorial"]
[Site "St Petersburg RUS"]
[Date "2013.10.09"]
[Round "5.30"]
[White "Ovod, Evgenija"]
[Black "Al-Sayed, Mohammed"]
[Result "0-1"]
[WhiteTitle "IM"]
[BlackTitle "GM"]
[WhiteElo "2373"]
[BlackElo "2498"]
[WhiteFideId "4131827"]
[BlackFideId "12100196"]
[EventDate "2013.10.05"]

1. d4 d6 2. e4 Nf6 3. Bd3 e5 4. c3 g6 5. Nf3 Nc6 6. h3 Bg7 7. Be3 O-O 8. Nbd2
Bd7 9. Qc2 Re8 10. O-O-O exd4 11. Nxd4 Ne5 12. Be2 c5 13. Nb5 Qb6 14. Na3 Qd8
15. f4 Nc6 16. Bf3 Rc8 17. Ndc4 Nb4 18. Qd2 d5 19. exd5 Bf5 20. cxb4 cxb4 21.
Qxb4 Rxe3 22. Rd2 a5 23. Qxb7 Rxa3 24. b3 Ra4 25. bxa4 Rxc4+ 26. Kd1 Rb4 27. Qc6
Rb1+ 28. Ke2 Rxh1 29. d6 Bd7 30. Qa8 Qxa8 31. Bxa8 Rb1 32. g4 Rb8 33. Bg2 Re8+ 0-1

[Event "Chigorin Memorial"]
[Site "St Petersburg RUS"]
[Date "2013.10.09"]
[Round "5.31"]
[White "Akhmetov, Ayan"]
[Black "Popilski, Gil"]
[Result "1/2-1/2"]
[BlackTitle "GM"]
[WhiteElo "2368"]
[BlackElo "2486"]
[WhiteFideId "13703706"]
[BlackFideId "2809060"]
[EventDate "2013.10.05"]

1. c4 e6 2. g3 Nf6 3. Bg2 d5 4. Nf3 c5 5. O-O Nc6 6. cxd5 exd5 7. d4 Be7 8. Nc3
O-O 9. dxc5 Bxc5 10. Bg5 d4 11. Bxf6 Qxf6 12. Ne4 Qe7 13. Nxc5 Qxc5 14. Rc1 Qb6
15. Qd2 Bf5 16. Rfd1 Rad8 17. Qf4 Bg6 18. Rd2 Rfe8 19. Nh4 Qa5 20. Bxc6 bxc6 21.
Nxg6 hxg6 22. Rxd4 Rxe2 23. b4 Rxd4 24. Qxd4 Qxa2 25. Rxc6 Qb1+ 26. Kg2 Qe4+ 27.
Qxe4 Rxe4 28. Rc8+ Kh7 29. Rc7 f5 30. Rb7 g5 31. h3 g4 32. hxg4 fxg4 33. b5 Re5
34. Rxa7 Rxb5 35. Ra4 Rg5 36. Kf1 Kg6 37. Ke2 Re5+ 38. Kd3 Kg5 39. Rf4 Re8 40.
Re4 Rf8 41. Re5+ 1/2-1/2

[Event "Chigorin Memorial"]
[Site "St Petersburg RUS"]
[Date "2013.10.09"]
[Round "5.32"]
[White "Raznikov, Danny"]
[Black "Golubov, Saveliy"]
[Result "1/2-1/2"]
[WhiteTitle "IM"]
[WhiteElo "2486"]
[BlackElo "2233"]
[WhiteFideId "2811154"]
[BlackFideId "24176729"]
[EventDate "2013.10.05"]

1. d4 Nf6 2. c4 e6 3. Nc3 Bb4 4. Qc2 O-O 5. Nf3 b6 6. e4 d5 7. e5 Ne4 8. Bd3 Bb7
9. O-O Bxc3 10. bxc3 c5 11. cxd5 exd5 12. Nd2 f5 13. f3 Nxd2 14. Bxd2 Bc8 15.
dxc5 bxc5 16. c4 d4 17. Rae1 Nc6 18. e6 Qf6 19. Qa4 Ne7 20. Qa5 Re8 21. Qxc5
Bxe6 22. Bg5 Qxg5 23. Rxe6 Qd2 24. Rfe1 Qxd3 25. Rxe7 Rxe7 26. Qd5+ Rf7 27.
Qxa8+ Rf8 28. Qd5+ Kh8 29. h4 h6 30. Re7 Qb1+ 31. Kh2 Qb8+ 32. Kh3 Qb1 33. Kh2
Qb8+ 34. Kh3 Qb1 35. Kh2 1/2-1/2

[Event "Chigorin Memorial"]
[Site "St Petersburg RUS"]
[Date "2013.10.09"]
[Round "5.34"]
[White "Matinian, Nikita"]
[Black "Severina, Maria"]
[Result "1-0"]
[WhiteTitle "IM"]
[BlackTitle "WIM"]
[WhiteElo "2472"]
[BlackElo "2227"]
[WhiteFideId "24129100"]
[BlackFideId "4116909"]
[EventDate "2013.10.05"]

1. e4 e5 2. Nf3 Nc6 3. Bb5 a6 4. Ba4 Nf6 5. O-O Be7 6. Re1 b5 7. Bb3 d6 8. c3
O-O 9. h3 Re8 10. d4 Bb7 11. Nbd2 Bf8 12. d5 Nb8 13. Nf1 Nbd7 14. Ng3 g6 15. h4
Nc5 16. Bc2 a5 17. b4 Ncd7 18. h5 c6 19. dxc6 Bxc6 20. Ng5 d5 21. exd5 Bxd5 22.
bxa5 Rxa5 23. hxg6 hxg6 24. N3e4 Nb6 25. Qf3 Nxe4 26. Bxe4 f5 27. Qh3 Qc7 28.
Be3 Bxe4 29. Bxb6 Qe7 30. Nxe4 1-0

[Event "Chigorin Memorial"]
[Site "St Petersburg RUS"]
[Date "2013.10.09"]
[Round "5.35"]
[White "Hovhannisyan, Robert"]
[Black "Shuraev, Andrei"]
[Result "1-0"]
[WhiteTitle "GM"]
[BlackTitle "IM"]
[WhiteElo "2599"]
[BlackElo "2351"]
[WhiteFideId "13302507"]
[BlackFideId "4115295"]
[EventDate "2013.10.05"]

1. e4 c6 2. d4 d5 3. e5 Bf5 4. Be2 e6 5. Nf3 c5 6. Be3 Qb6 7. Nc3 Qxb2 8. Qb1
Qb4 9. O-O c4 10. Qe1 Nc6 11. Rb1 Qe7 12. Rb2 Qd7 13. Nh4 Ba3 14. Nxf5 Bxb2 15.
Nxg7+ Kd8 16. Nb5 a6 17. Nd6 f6 18. Nge8 fxe5 19. Bh5 Qe7 20. Bg5 Qxg5 21. Nf7+
Kxe8 22. Nxg5+ Ke7 23. dxe5 Nh6 24. f4 Bd4+ 25. Kh1 Raf8 26. Qg3 Bc5 27. Ne4 1-0

[Event "Chigorin Memorial"]
[Site "St Petersburg RUS"]
[Date "2013.10.09"]
[Round "5.37"]
[White "Mikhalchenko, Petr"]
[Black "Popov, Valerij"]
[Result "0-1"]
[BlackTitle "GM"]
[WhiteElo "2344"]
[BlackElo "2548"]
[WhiteFideId "4177657"]
[BlackFideId "4119410"]
[EventDate "2013.10.05"]

1. c4 e5 2. g3 Nc6 3. Bg2 f5 4. a3 g6 5. d3 Bg7 6. Nc3 d6 7. e3 Nf6 8. Nge2 O-O
9. f4 Be6 10. O-O Qd7 11. Nd5 Rae8 12. Rb1 a6 13. Qc2 Ne7 14. Nxe7+ Rxe7 15. c5
Nd5 16. e4 fxe4 17. dxe4 Nf6 18. f5 Ba2 19. Ra1 Bf7 20. h3 gxf5 21. exf5 d5 22.
Bg5 h6 23. Bh4 d4 24. c6 Qd6 25. Rad1 bxc6 26. Qxc6 Rb8 27. Qc1 Qb6 28. Rf2 Qxb2
29. Qc5 Qb3 30. Rxd4 exd4 31. Qxe7 Re8 32. Qxc7 Qd1+ 33. Bf1 Ne4 34. Rf4 d3 35.
Nc1 Bd4+ 36. Kh1 Nf2+ 37. Kg1 Nxh3+ 38. Kh2 Nxf4 39. Qxf4 Be3 40. Qd6 Qxf1 0-1

[Event "Chigorin Memorial"]
[Site "St Petersburg RUS"]
[Date "2013.10.09"]
[Round "5.38"]
[White "Bublei, Pavel"]
[Black "Anisimov, Pavel2"]
[Result "1/2-1/2"]
[WhiteTitle "FM"]
[BlackTitle "IM"]
[WhiteElo "2328"]
[BlackElo "2538"]
[WhiteFideId "24112593"]
[BlackFideId "4135229"]
[EventDate "2013.10.05"]

1. d4 Nf6 2. Nf3 e6 3. c4 b6 4. g3 Ba6 5. Qc2 c5 6. d5 exd5 7. cxd5 Bb7 8. Bg2
Nxd5 9. O-O Be7 10. Rd1 Qc8 11. a3 Nf6 12. Nc3 O-O 13. e4 d6 14. Bf4 Rd8 15. Rd2
Na6 16. Rad1 Nc7 17. Bxd6 Rxd6 18. Rxd6 Bxd6 19. Rxd6 Qe8 20. Nh4 Nd7 21. Nf5
Nf8 22. Rd1 Rd8 23. Nd6 Qc6 24. Nxb7 Rxd1+ 25. Qxd1 Qxb7 26. e5 Qc8 27. Qa4 Qb8
28. Ne4 Nfe6 29. Nd6 b5 30. Qg4 Ne8 31. Qd1 Nd4 32. Nxe8 Qxe8 33. Qe1 Qd8 34.
Qe4 g6 35. h4 c4 36. Qb7 Ne2+ 37. Kh2 Qd4 38. e6 fxe6 39. Qe7 Qxf2 40. Qxe6+ Kg7
41. Qe7+ 1/2-1/2

[Event "Chigorin Memorial"]
[Site "St Petersburg RUS"]
[Date "2013.10.09"]
[Round "5.39"]
[White "Duzhakov, Ilya"]
[Black "Rozum, Ivan"]
[Result "1/2-1/2"]
[WhiteTitle "FM"]
[BlackTitle "IM"]
[WhiteElo "2326"]
[BlackElo "2533"]
[WhiteFideId "4192516"]
[BlackFideId "24104272"]
[EventDate "2013.10.05"]

1. d4 g6 2. c4 Bg7 3. Nc3 c5 4. d5 Bxc3+ 5. bxc3 f5 6. e4 fxe4 7. f3 e3 8. Bxe3
d6 9. Bd3 Nd7 10. f4 Ndf6 11. f5 Bxf5 12. Bxf5 gxf5 13. Ne2 Ng4 14. Qd3 N8f6 15.
O-O Ne5 16. Qxf5 Qc8 17. Bg5 Qxf5 18. Rxf5 Ne4 19. Bh6 Rg8 20. Raf1 Kd7 21. Bc1
Rg4 22. R1f4 Rag8 23. Rxg4 Rxg4 24. h3 Rg7 25. g4 Rf7 26. Rxf7 Nxf7 27. Bf4 e6
28. Kg2 Ne5 29. Bxe5 dxe5 30. h4 Kd6 31. g5 exd5 32. cxd5 Kxd5 33. Kf3 b5 34.
Kg4 Ke6 35. Kh5 Kf7 36. Kh6 Kg8 37. g6 hxg6 38. Kxg6 b4 39. cxb4 cxb4 40. Nc1
Nc5 41. Kf5 e4 42. Kf4 a5 43. Ke3 a4 44. Kd4 b3 45. Kc3 bxa2 46. Nxa2 Kg7 47.
Nb4 Kg6 48. Nc2 Nd7 49. Kb4 Kh5 50. Kxa4 Kxh4 51. Kb4 Kg3 52. Kc3 1/2-1/2

[Event "Chigorin Memorial"]
[Site "St Petersburg RUS"]
[Date "2013.10.09"]
[Round "5.40"]
[White "Bazeev, German"]
[Black "Levin, Evgeny A."]
[Result "0-1"]
[BlackTitle "GM"]
[WhiteElo "2322"]
[BlackElo "2512"]
[WhiteFideId "24119350"]
[BlackFideId "4182596"]
[EventDate "2013.10.05"]

1. d4 Nf6 2. c4 e6 3. g3 c5 4. d5 exd5 5. cxd5 d6 6. Bg2 g6 7. Nc3 Bg7 8. Nh3
O-O 9. O-O Re8 10. f3 a6 11. a4 Nbd7 12. Nf2 Rb8 13. a5 b5 14. axb6 Nxb6 15. Qd3
Nfd7 16. f4 c4 17. Qd1 Nc5 18. e4 Nb3 19. Ra2 Nxc1 20. Qxc1 Nd7 21. Na4 Rb4 22.
h4 a5 23. Bf3 Ba6 24. Re1 Bb5 25. Nc3 Qb6 26. Kg2 Nc5 27. Qe3 Bd7 28. Re2 Rb3
29. h5 Qb4 30. f5 Bxf5 31. h6 Bh8 32. Qf4 Bd7 33. e5 dxe5 34. Qh4 Nd3 35. Nce4
f5 36. Nf6+ Bxf6 37. Qxf6 Qf8 38. Qa6 e4 39. Bxe4 fxe4 40. Nxe4 Rxe4 0-1

[Event "Chigorin Memorial"]
[Site "St Petersburg RUS"]
[Date "2013.10.09"]
[Round "5.41"]
[White "Makarov, Marat"]
[Black "Kostin, Alexey"]
[Result "1-0"]
[WhiteTitle "GM"]
[BlackTitle "IM"]
[WhiteElo "2512"]
[BlackElo "2306"]
[WhiteFideId "4101103"]
[BlackFideId "4120736"]
[EventDate "2013.10.05"]

1. g3 e5 2. c4 Nf6 3. Bg2 g6 4. Nc3 Bg7 5. Nf3 d6 6. d4 Nbd7 7. O-O O-O 8. e4
exd4 9. Nxd4 a5 10. h3 Nc5 11. Re1 Re8 12. Ndb5 Be6 13. e5 dxe5 14. Qxd8 Raxd8
15. Nxc7 Nd3 16. Rd1 Nxc1 17. Raxc1 Rf8 18. Nxe6 fxe6 19. Rxd8 Rxd8 20. Bxb7 Rb8
21. Ba6 Rxb2 22. c5 Bh6 23. c6 Ne8 24. Rd1 Nc7 25. Rd8+ Bf8 26. Bb7 Rc2 27. Ne4
Nd5 28. Ng5 Nc7 29. Rc8 h6 30. Rxc7 hxg5 31. Rd7 e4 32. c7 e3 33. fxe3 1-0

[Event "Chigorin Memorial"]
[Site "St Petersburg RUS"]
[Date "2013.10.09"]
[Round "5.42"]
[White "Donskov, Anatoly"]
[Black "Neverov, Valeriy"]
[Result "1/2-1/2"]
[WhiteTitle "FM"]
[BlackTitle "GM"]
[WhiteElo "2317"]
[BlackElo "2505"]
[WhiteFideId "24143413"]
[BlackFideId "14100150"]
[EventDate "2013.10.05"]

1. e4 c5 2. Nf3 d6 3. d4 cxd4 4. Nxd4 Nf6 5. Nc3 a6 6. Be2 e5 7. Nb3 Be7 8. O-O
O-O 9. a4 Be6 10. Bf3 b6 11. Bg5 Nbd7 12. Re1 h6 13. Bxf6 Nxf6 14. Nd2 Qc7 15.
Nf1 Rfc8 16. Ne3 Qc5 17. Qd3 Ra7 18. Be2 g6 19. Rec1 h5 20. Rab1 Bf8 21. h3 Bh6
22. Rd1 Kh7 23. Ned5 Nxd5 24. Nxd5 Bxd5 25. Qxd5 Qxd5 26. Rxd5 Rxc2 27. Bd3 Rd2
28. Kf1 a5 29. Rxd6 Bf8 30. Rd5 Bc5 31. Be2 Bd4 32. Ke1 Rc2 33. Bd1 Rxb2 34.
Rxb2 Bxb2 35. Rd6 Bd4 36. Rc6 h4 37. Bb3 Kh6 38. Ke2 Kg5 1/2-1/2

[Event "Chigorin Memorial"]
[Site "St Petersburg RUS"]
[Date "2013.10.09"]
[Round "5.43"]
[White "Chekhov, Sergei"]
[Black "Sichinava, Zviad"]
[Result "1/2-1/2"]
[WhiteTitle "IM"]
[WhiteElo "2455"]
[BlackElo "2305"]
[WhiteFideId "4195639"]
[BlackFideId "24111716"]
[EventDate "2013.10.05"]

1. e4 c5 2. Nf3 Nc6 3. d4 cxd4 4. Nxd4 g6 5. Nc3 Bg7 6. Be3 Nf6 7. Nb3 O-O 8.
Be2 d6 9. O-O Bd7 10. f4 b5 11. Bf3 b4 12. Nd5 Rc8 13. a3 bxa3 14. Rxa3 e6 15.
Nc3 Ne8 16. Qd2 Nc7 17. Raa1 d5 18. exd5 exd5 19. Nd4 Ne6 20. Nxc6 Bxc6 21. Nxd5
Bxb2 22. Rxa7 Bxd5 23. Qxd5 Nxf4 24. Qe4 Ne6 25. Bg4 Rc3 26. Bxe6 Rxe3 27. Raxf7
Rxf7 28. Bxf7+ Kg7 29. Qc4 Qd4 30. Qxd4+ Bxd4 31. Kh1 Bc3 32. Bc4 Re1 33. Rxe1
Bxe1 34. g3 Kf6 35. Kg2 h5 36. Kf3 h4 37. Ke2 Bb4 38. gxh4 Bd6 39. h3 Bg3 40.
Bd3 Bxh4 41. c4 Bg3 42. Kf3 Bd6 43. Ke4 Ke6 44. Be2 g5 45. Bg4+ Kf6 46. Kd5 Bg3
47. Kc5 Ke7 48. Kd5 Bh2 49. c5 Bg3 50. Ke4 Bf2 51. Kd5 Bg3 52. Bf3 Kd7 53. Ke4
Bf2 54. Kd5 Kc7 55. Bg4 Be3 56. Bf3 Bf2 57. c6 Be3 58. Ke4 Bc1 59. Kf5 Bd2 1/2-1/2

[Event "Chigorin Memorial"]
[Site "St Petersburg RUS"]
[Date "2013.10.09"]
[Round "5.45"]
[White "Borisenko, Andrei"]
[Black "Solovyov, Viktor"]
[Result "1/2-1/2"]
[WhiteTitle "IM"]
[WhiteElo "2401"]
[BlackElo "2298"]
[WhiteFideId "4120930"]
[BlackFideId "4102754"]
[EventDate "2013.10.05"]

1. e4 e5 2. Bc4 Nf6 3. d3 Nc6 4. Nc3 Na5 5. Bb5 c6 6. Ba4 b5 7. Bb3 b4 8. Nce2
d5 9. Ng3 Nxb3 10. axb3 Bd6 11. Nf3 O-O 12. O-O h6 13. exd5 cxd5 14. d4 e4 15.
Ne5 Qc7 16. Be3 a5 17. f4 exf3 18. Qxf3 Qxc2 19. Rac1 Qh7 20. Rc6 Bxe5 21. dxe5
Ne4 22. Ne2 Ba6 23. e6 Qg6 24. Nf4 Qf5 25. e7 Rfe8 26. Rd1 Nf6 27. Bd4 Ne4 28.
Nh5 Qxf3 29. gxf3 Be2 30. Rdc1 Ng5 31. Nxg7 Rxe7 32. Bf6 Rd7 33. Nf5 Nh3+ 34.
Kg2 Nf4+ 35. Kf2 Bb5 36. Rg1+ Ng6 37. Rb6 Bd3 38. Nxh6+ Kh7 39. Rg3 Ra6 40. Rxa6
Bxa6 41. Nf5 Bd3 42. Rh3+ Kg8 43. Nh6+ Kf8 44. Ke3 Rd6 45. Ng4 Bf5 46. Bd4 Re6+
47. Kd2 Rc6 48. Rh5 Rc2+ 49. Ke3 Be6 50. Nf6 Rc1 51. Nxd5 Re1+ 52. Kf2 Rd1 53.
Ke3 Re1+ 54. Kd2 Rf1 55. Nc7 Bxb3 56. Rxa5 Rxf3 57. Rb5 Bc4 58. Bc5+ Kg8 59.
Rxb4 Ne5 60. Rb8+ Kh7 61. Ne8 Rd3+ 62. Kc2 Rh3 63. Bd6 Rxh2+ 64. Kc3 Rh3+ 65.
Kd4 Nc6+ 66. Kxc4 Nxb8 67. Bxb8 Kg6 68. Nc7 Rh8 69. Ba7 Rc8 70. Bb6 f5 71. b4 f4
72. Kd4 Kf5 73. Nd5 Rc1 74. Nc3 f3 75. Kd3 Ke6 76. Bd4 Kd7 77. Ke3 Rf1 78. Kd2
Rh1 79. Bf2 Kc6 80. Kd3 Rf1 81. Ke3 Rc1 82. b5+ Kb7 83. Kd3 Rf1 84. Bd4 Rh1 85.
Ke3 Rc1 86. Kd2 Rh1 87. Be3 Rh2+ 88. Kd3 Rb2 89. Ne4 1/2-1/2

[Event "Chigorin Memorial"]
[Site "St Petersburg RUS"]
[Date "2013.10.09"]
[Round "5.46"]
[White "Chashchev, Sergey"]
[Black "Ageichenko, Genadi A"]
[Result "1-0"]
[WhiteTitle "FM"]
[BlackTitle "IM"]
[WhiteElo "2396"]
[BlackElo "2296"]
[WhiteFideId "4134516"]
[BlackFideId "4105222"]
[EventDate "2013.10.05"]

1. Nf3 Nf6 2. d4 g6 3. c4 Bg7 4. Nc3 d5 5. cxd5 Nxd5 6. g3 O-O 7. Bg2 Nb6 8. O-O
Nc6 9. e3 Re8 10. Re1 a5 11. Qe2 a4 12. Rd1 Bg4 13. h3 Bd7 14. Ne4 Qc8 15. Kh2
Bf5 16. Nc5 Nd7 17. Nxd7 Bxd7 18. Bd2 a3 19. Bc3 Na7 20. d5 Ba4 21. Rdc1 axb2
22. Qxb2 Bxc3 23. Rxc3 Nb5 24. Rc5 Qd7 25. Rac1 Rec8 26. Ne5 Qd6 27. Ng4 f6 28.
e4 h5 29. Ne3 c6 30. f4 Nc7 31. e5 fxe5 32. fxe5 Qd8 33. dxc6 Bxc6 34. Bxc6 bxc6
35. Rxc6 Qd3 36. R1c3 Rab8 37. Qc2 Qxc2+ 38. Rxc2 Rb7 39. Rxg6+ Kh7 40. Rgc6 e6
41. Nc4 1-0

[Event "Chigorin Memorial"]
[Site "St Petersburg RUS"]
[Date "2013.10.09"]
[Round "5.47"]
[White "Sadovsky, Artem"]
[Black "Zaitsev, Alexander"]
[Result "1/2-1/2"]
[BlackTitle "IM"]
[WhiteElo "2263"]
[BlackElo "2386"]
[WhiteFideId "4155840"]
[BlackFideId "4164490"]
[EventDate "2013.10.05"]

1. g3 Nf6 2. Bg2 d5 3. c4 e6 4. Nf3 Be7 5. O-O O-O 6. b3 b6 7. Bb2 Bb7 8. d3 c5
9. Nbd2 Nc6 10. Ne5 Nxe5 11. Bxe5 Qd7 12. Bb2 d4 13. Bxb7 Qxb7 14. e4 e5 15. f4
exf4 16. gxf4 Qd7 17. Qf3 Ng4 18. Rae1 Rad8 19. Kh1 f5 20. Rg1 Rf7 21. Re2 Ne3
22. e5 Qe6 23. Nf1 Nxf1 24. Qxf1 Qc6+ 25. Qg2 Qxg2+ 26. Kxg2 Bf8 27. Kf3 Rb7 28.
h4 Kf7 29. h5 a6 30. Bc1 b5 31. Rc2 b4 32. Re2 Ke6 33. Reg2 a5 34. Rh1 a4 35.
Rhg1 Ra7 36. Bb2 Rda8 37. Rh1 Kf7 38. Rg5 Ke6 39. Rg2 axb3 40. axb3 Kf7 41. Rg5
Ra2 42. Rg2 R8a6 43. Rgh2 Rh6 44. Ra1 Rxa1 45. Bxa1 Kg8 46. Bb2 g6 47. Bc1 Be7
48. Bd2 gxh5 49. Be1 h4 50. Ra2 Rg6 51. Rg2 Kg7 52. Rxg6+ hxg6 53. Bd2 Kh6 54.
Kg2 Kh5 55. Kh3 g5 56. fxg5 Bxg5 57. e6 Be7 58. Bf4 Kg6 59. Bd2 Kg7 60. Bf4 Kf8
61. Be5 Kg8 62. Kg2 Kh7 63. Kh3 Kh6 64. Bf4+ Kg6 65. Bd2 Kg7 66. Bf4 Kg6 67. Bd2 1/2-1/2

[Event "Chigorin Memorial"]
[Site "St Petersburg RUS"]
[Date "2013.10.09"]
[Round "5.48"]
[White "Pasiev, Rakhim"]
[Black "Plotnikov, Vitaly"]
[Result "1-0"]
[WhiteTitle "IM"]
[WhiteElo "2385"]
[BlackElo "2065"]
[WhiteFideId "24122475"]
[BlackFideId "24118915"]
[EventDate "2013.10.05"]

1. d4 d5 2. Nf3 Nf6 3. Bf4 Nbd7 4. c3 g6 5. h3 Bg7 6. Nbd2 O-O 7. e3 Re8 8. Bh2
Ne4 9. Nxe4 dxe4 10. Nd2 e5 11. Qc2 f5 12. Be2 c5 13. Nc4 Qe7 14. dxe5 Nxe5 15.
O-O-O Kh8 16. Rd2 Nxc4 17. Bxc4 Be6 18. Qb3 Bxc4 19. Qxc4 Red8 20. Rhd1 Rxd2 21.
Rxd2 b6 22. Qa4 Qe6 23. Rd6 Qg8 24. Rd7 Qe8 25. Qd1 Be5 26. Bxe5+ Qxe5 27. Qb3
Rf8 28. g3 g5 29. Rxa7 f4 30. Qxb6 Qe8 31. Qxc5 Rf7 32. Rxf7 Qxf7 33. Qe5+ Kg8
34. Qxg5+ Kh8 35. Qxf4 1-0

[Event "Chigorin Memorial"]
[Site "St Petersburg RUS"]
[Date "2013.10.09"]
[Round "5.49"]
[White "Grinberg, Eyal"]
[Black "Ben Artzi, Ido"]
[Result "1-0"]
[WhiteElo "2087"]
[BlackElo "2370"]
[WhiteFideId "2806070"]
[BlackFideId "2810913"]
[EventDate "2013.10.05"]

1. e4 e5 2. Nf3 Nc6 3. Bb5 a6 4. Ba4 Nf6 5. O-O Be7 6. Re1 b5 7. Bb3 d6 8. c3
O-O 9. h3 Nb8 10. d4 Nbd7 11. c4 c6 12. a3 Qc7 13. Nc3 Rb8 14. cxb5 axb5 15. Qc2
c5 16. dxe5 dxe5 17. a4 Qa5 18. Nd5 Nxd5 19. Bxd5 Bb7 20. Bd2 Qc7 21. Bxb7 Rxb7
22. axb5 Rxb5 23. Bc3 c4 24. Ra4 Rfb8 25. Rea1 f6 26. Nd2 Nb6 27. Ra5 Qc6 28.
Rxb5 Qxb5 29. Ra5 Qc6 30. Qd1 Rd8 31. Qe2 Rd3 32. Ra7 Bc5 33. Qg4 Nd7 34. Ra5
Bd4 35. Bxd4 Rxd4 36. Qe2 Nc5 37. Nxc4 Nb3 38. Ra7 Rxc4 39. Qg4 g6 40. Qh4 h5
41. Qg3 Qxe4 42. Qxb3 Qc2 43. Qb6 Qd1+ 44. Kh2 Qd7 1-0